Czym posypuje bądź oblewa się ciasto? - Statystyki

Ogólne statystyki
  • Ten quiz został rozwiązany 186 razy
  • Średni wynik to 5 z 6
Statystyki odpowiedzi
Hint Odpowiedź % Poprawnych
1. Polewą
95%
2. Cukrem Pudrem
86%
6. Orzechami
81%
4. Wiórkami
78%
3. Lukrem
75%
5. Migdałami
75%
Nie znaleziono quizów pasujących do podanych kryteriów
Rozkład punktacji
Procent ludzi z każdym wynikiem
Percentyl według liczby udzielonych odpowiedzi
Twoja historia wyników
Nie rozwiązałeś tego quizu